000 00708cab a2200205 4500
001 ##L133366
008 060504n2006 000 0 eng u
035 _a(Sirsi) u133366
041 0 _aeng
100 1 _aGreig-Smith, Heather
245 0 0 _aMerseyside
_bregional
260 _c2006
490 0 _aProperty Week
_v71(17) 28 April 2006, 103-124(10)
520 _aLooks at regeneration in Liverpool's Islington district; Merseyside's retail market; a profile of Maghull Developments; and development plans for a second bridge across the Mersey.
590 _aIKA090506
650 2 4 _aLIVERPOOL
650 2 4 _aMERSEYSIDE
690 _aPROPERTY-COMMERCIAL PROPERTY-COMMERCIAL PROPERTY MARKET
942 _n0
999 _c76955
_d76955